000 00831cam a22002411 4500
001 e 40000184
003 DLC
005 20260227111228.0
008 880623s1940 kyu 000 0 eng
010 _ae 40000184
035 _a(OCoLC)18126726
040 _aDLC
_cAU
_dDLC
042 _apremarc
050 0 0 _aL152
_b.B35 vol. 8, no. 1
110 1 _aKentucky.
_bState Board of Education.
245 1 0 _aManual on pupil transportation.
_cPublished by order of the State board of education. John W. Brooker, superintendent of public instruction.
260 _a[Frankfort, Ky.,
_c1940]
300 _a131 p.
_c23 cm.
490 0 _a[Dept. of education] Educational bulletin,
_vv. VIII, no. 1
650 0 _aSchool children
_xTransportation
_zKentucky.
700 1 _aYoung, Gordie.
710 1 _aKentucky.
_bDepartment of Education.
999 _c21701
_d21701